Countries With the Most Billionaires - Statistics

General Stats
  • This quiz has been taken 41 times
  • The average score is 12 of 14
Answer Stats
Country # of Billionaires % Correct
United States 975
100%
Canada 60
97%
China (Mainland) 400
97%
France 68
97%
Germany 176
97%
Russia 107
97%
United Kingdom 120
97%
Italy 68
95%
Brazil 52
84%
India 124
84%
Saudi Arabia 71
62%
Switzerland 111
62%
United Arab Emirates 45
62%
Singapore 50
51%
No matching quizzes found
Score Distribution
Percent of People with Each Score
Percentile by Number Answered
Your Score History
You have not taken this quiz